| 000 | 00833nam a2200229 i 4500 | ||
|---|---|---|---|
| 001 | 20527 | ||
| 003 | ES-MaACL | ||
| 005 | 20250910210339.0 | ||
| 007 | t| | ||
| 008 | 021113s1982 sp ||||1| spa d | ||
| 100 | 1 |
_aAhlberg, Hakon. _918931 |
|
| 245 | 1 | 0 |
_aGunnar Asplund, arquitecto _b: 1885-1940 / _cHakon Ahlberg ; con un ensayo de Elías Cornell ; [traducción de Luis Bravo]. |
| 260 |
_aMurcia : _bColegio Oficial de Aparejadores y Arquitectos Técnicos, _c1982. |
||
| 300 |
_a93 p. ; _c19 cm. |
||
| 490 | 1 | _aColección de arquitectura | |
| 700 | 1 |
_aCornell, Elías. _940624 |
|
| 700 | 1 |
_aBravo, Elías. _931448 |
|
| 710 | 2 |
_aColegio Oficial de Aparejadores y Arquitectos Técnicos de Murcia. _92952 |
|
| 830 | 0 |
_aColección de arquitectura _9183329 |
|
| 852 |
_aES-MaACL _jL-2912 _bR.103910 |
||
| 999 |
_c20527 _d20527 |
||